Allgemeinwissen-Quiz #28 - Statistiken

Allgemein
  • Dieses Quiz wurde 115 mal gespielt
  • Das Durchschnittsergebnis liegt bei 13 aus 20
Antwortstatistiken
Frage Antwort % Korrekt
Welcher dieser Filmposter zeigt den Film "Tarzan"?
98%
Aus welchem Land kommt die Musikgruppe ABBA? Schweden
97%
Wie lautet die Hauptstadt von Nepal? Kathmandu
85%
Welche zwei Nationalflaggen sind quadratisch? Schweiz und Vatikan
83%
Was ist auf dem Logo von Snapchat zu sehen? Ein Geist
76%
Welcher US-Präsident wurde durch die Watergate-Affäre bekannt? Richard Nixon
71%
Wie hiess die erste Frau im Weltall? Valentina Tereschkowa
66%
In welchem Land befinden wir uns, wenn jemand am MIT studiert? USA
64%
Was ist in der Gamer-Sprache ein "NoScope"? Ein Schuss ohne durch das Zielfernrohr zu zielen
61%
Welche dieser Delfinarten gibt es nicht? Quasimodo-Delfin
60%
Bei welchem Verein steht der Fussballspieler Heung-min Son derzeit unter Vertrag?
59%
Welches Gemälde wurde von Wassily Kandinsky geschaffen?
58%
Welche Partei gibt es nicht in der Schweiz? CSU
58%
Ist die Hauptstadt von Nepal, die höchstgelegene Hauptstadt der Welt? Nein
56%
Wie lautet der lateinische Name für den Mittelfinger? digitus tertius
54%
Wer ist der Autor des Romans Der Name der Rose? Umberto Eco
54%
Auf welchem Bild ist die "Royal Albert Hall" zu sehen?
46%
In welchem Land findet die Fussball-Europameisterschaft der Frauen 2025 statt? Schweiz
42%
Welche dieser Uhren ist keine Variante (Modellreihe) von Rolex? Speedmaster
37%
Welche Ordnungszahl hat das Element Blei? 82
24%
Keine übereinstimmenden Quizze gefunden
Verteilung der Resultate
Anzahl Personen mit jedem Resultat
Perzentil nach korrekt beantworteten Fragen
Ihre Resultats-Entwicklung
Sie haben dieses Quiz noch nicht gespielt